| 000 | 00000nas 2200000za 4500 |
| 001 | 9.504148 |
| 003 | CaOODSP |
| 005 | 20221107133348 |
| 007 | cr ||||||||||| |
| 008 | 150406c20032005oncar p o f0 b0fre|d |
| 020 | |z0-662-68463-X|z0-662-74074-2 |
| 022 | |a2290-5618 |
| 040 | |aCaOODSP|bfre |
| 043 | |an-cn--- |
| 086 | 1 |aPS96F-PDF|zPS96-2003|zPS96-2004F-PDF |
| 110 | 1 |aCanada.|bSécurité publique et Protection civile Canada. |bCentre des armes à feu Canada. |
| 222 | 0|aRapport |b(Centre des armes à feu Canada) |
| 245 | 10|aRapport |h[ressource électronique] / |cCommissaire aux armes à feu. |
| 260 | |aOttawa : |bCentre des armes à feu Canada. |
| 310 | |aAnnuel |
| 362 | 1 |aParaît depuis 2003; ne paraît plus après 2005. |
| 500 | |aPubl. aussi en anglais sous le titre : Report / Commissioner of Firearms. |
| 691 | 07|aArme à feu|2gcpds |
| 691 | 07|aLégislation|2gcpds |
| 775 | 08|tReport |w(CaOODSP)9.507769 |
| 776 | 0#|tCommissaire aux armes à feu - rapport |w(CaOODSP)9.511733 |
| 785 | 00|tRapport de ... |w(CaOODSP)9.502647 |